000 00662cam a2200265 4500
001 ABS67903
008 040629n2004 000 0 eng u
035 _a(Sirsi) u126615
245 _aFocus 2: Yorkshire industrial
260 _c2004
490 _aEstates Gazette
_v(0423) 5 June 2004, 81-95(9)
590 _aABS
590 _aABS
650 _aYORKSHIRE
650 _aINDUSTRIAL MARKET
650 _aWEST MIDLANDS
650 _aAIRE VALLEY
650 _aMANUFACTURING INDUSTRY
650 _aDISTRIBUTION MARKET
650 _aWAREHOUSING
650 _aLEEDS
650 _aOCCUPIERS
690 _aCOMMERCIAL PROPERTY-MARKET
942 _n0
999 _c117601
_d117601